Truyện ngắn chọn lọc Nam Cao

Uloženo v:
Podrobná bibliografie
Hlavní autor: Nam Cao
Médium: Kniha
Jazyk:Undetermined
Vydáno: Hà Nội Hội nhà văn 1996
Témata:
Tagy: Přidat tag
Žádné tagy, Buďte první, kdo otaguje tento záznam!
Thư viện lưu trữ: Trung tâm Học liệu Trường Đại học Cần Thơ
LEADER 00487nam a2200169Ia 4500
001 CTU_22467
008 210402s9999 xx 000 0 und d
082 |a 895.922331 
082 |b N104tn/1996 
100 |a Nam Cao 
245 0 |a Truyện ngắn chọn lọc Nam Cao 
245 0 |c Nam Cao 
260 |a Hà Nội 
260 |b Hội nhà văn 
260 |c 1996 
650 |a short stories, vietnamese - 20th century 
980 |a Trung tâm Học liệu Trường Đại học Cần Thơ